Statistiques concernant Les équipes gagnantes de la Coupe Stanley (1968-2023)

Cliquez ici pour prendre le quiz!

Statistiques générales

  • Ce quiz a été pris 55 fois
    (50 depuis la dernière actualisation)
  • Le résultat moyen est 29 sur 55

Statistiques - réponses

AnnéeÉquipe% Correct
2022Colorado
97%
2023Las Vegas
97%
2021Tampa Bay
94%
2020Tampa Bay
91%
2018Washington
84%
2015Chicago
81%
2013Chicago
81%
2017Pittsburgh
81%
2019St. Louis
81%
2014Los Angeles
78%
2016Pittsburgh
75%
2011Boston
72%
2010Chicago
69%
2012Los Angeles
69%
1993Montréal
69%
2006Caroline
59%
2001Colorado
59%
2009Pittsburgh
59%
2004Tampa Bay
59%
2007Anaheim
56%
2008Détroit
56%
1999Dallas
50%
2002Détroit
50%
1994Rangers
50%
1984Edmonton
47%
1985Edmonton
47%
1969Montréal
47%
2003New Jersey
47%
1981Islanders
44%
1982Islanders
44%
1983Islanders
44%
1980Islanders
44%
1986Montréal
44%
1979Montréal
44%
1968Montréal
44%
1996Colorado
41%
1987Edmonton
41%
1988Edmonton
41%
1978Montréal
41%
1971Montréal
41%
1973Montréal
41%
1976Montréal
41%
1977Montréal
41%
2000New Jersey
41%
1989Calgary
38%
1998Détroit
38%
1992Pittsburgh
38%
1991Pittsburgh
38%
1997Détroit
34%
1990Edmonton
34%
1995New Jersey
31%
1975Philadelphie
31%
1974Philadelphie
31%
1972Boston
28%
1970Boston
28%

Distribution des résultats

Percentile par nombre de réponses

% des personnes avec chaque résultat

Votre développement - résultats

Vous n’avez pas pris ce quiz depuis la dernière actualisation